|
|
|
|
| LEADER |
00000nab a2200000 a 4500 |
| 001 |
vtls000702694 |
| 003 |
SK-MaSNL |
| 005 |
20260304104947.0 |
| 008 |
250429c1999 xo 0 slo |
| 015 |
|
|
|a SNBRB1999/10-22404
|
| 035 |
|
|
|a CLN000054861
|
| 035 |
|
|
|a urn:nbn:sk:snk-ab1kdt
|
| 035 |
|
|
|a (urnnbn)urn:nbn:sk:snk:ar-004bbx
|
| 035 |
|
|
|a (uuid)8a32a357-1a65-4563-93fa-8c030cd32a81
|
| 040 |
|
|
|a SNKBUCL
|b slo
|c SNKBUCL
|e AACR2
|
| 041 |
0 |
|
|a slo
|
| 044 |
|
|
|a xo
|c SK
|
| 080 |
|
|
|a 801.318
|2 1981
|
| 100 |
1 |
|
|a Skladaná, Jana,
|d 1942-
|4 aut
|9 103459
|
| 245 |
1 |
0 |
|a Čínsky múr
|c Jana Skladaná
|
| 650 |
0 |
7 |
|a frazeológia
|2 snkbucl
|9 1507
|
| 650 |
0 |
7 |
|a čínsky múr (frazéma)
|2 snkbucl
|9 1405676
|
| 650 |
0 |
7 |
|a sémantika
|2 snkbucl
|9 22710
|
| 650 |
0 |
7 |
|a frazémy
|2 snkbucl
|9 186856
|
| 773 |
0 |
|
|t Historická revue
|g Roč. 10, č. 4 (1999), s. 33
|
| 850 |
|
|
|a Slovenská národná knižnica
|
| 852 |
|
|
|a Slovenská národná knižnica
|
| 954 |
|
|
|a odborná, vedecká literatúra pôvodná (slovenská)
|2 lita
|
| 958 |
|
|
|a article27
|
| 958 |
|
|
|a OND
|
| 958 |
|
|
|a EUIPO
|
| 999 |
|
|
|c 2853749
|d 2855679
|